000 00642nam a2200229Ia 4500
003 OSt
005 20220918182231.0
006 a|||||r|||| 00| 0
007 ta
008 220917b |||||||| |||| 00| 0 eng d
024 _a31,348
037 _cTextual
040 _aARTS
_cARTS
_beng
041 _2eng
_aeng
082 _aO-:g(X:3M24)g, M0
245 0 _aGuide to marxist literary criticism comp by Chris Bullock and David Beck
260 _aGreat
_bBritain Harvester Press
_c1980
300 _aix,176p.
_ccm.
650 _aENGLISH LITERATURE
942 _hO-:g(X:3M24)g, M0
_cTEXL
_2CC
999 _c168243
_d168243